<?xml version="1.0" encoding="UTF-8"?>
<record
    xmlns:xsi="http://www.w3.org/2001/XMLSchema-instance"
    xsi:schemaLocation="http://www.loc.gov/MARC21/slim http://www.loc.gov/standards/marcxml/schema/MARC21slim.xsd"
    xmlns="http://www.loc.gov/MARC21/slim">

  <leader>01780nab a2200253 ab4500</leader>
  <controlfield tag="005">20260702134259.0</controlfield>
  <controlfield tag="008">260604b2025    sp tr poo|    0   0 spa d</controlfield>
  <controlfield tag="003"></controlfield>
  <datafield tag="040" ind1=" " ind2=" ">
    <subfield code="a">MX-MxUPN</subfield>
    <subfield code="b">spa</subfield>
    <subfield code="c">MX-MxUPN</subfield>
    <subfield code="e">aacr2</subfield>
  </datafield>
  <datafield tag="100" ind1="1" ind2=" ">
    <subfield code="a">Ganuza, Ernesto</subfield>
    <subfield code="9">60193</subfield>
  </datafield>
  <datafield tag="100" ind1="1" ind2=" ">
    <subfield code="a">Ramos P&#xE9;rez, Alfredo</subfield>
    <subfield code="9">60194</subfield>
  </datafield>
  <datafield tag="245" ind1="1" ind2="1">
    <subfield code="a">&#xBF;Negacionismo y errores cognitivos? :</subfield>
    <subfield code="b">el origen social de las preferencias</subfield>
    <subfield code="h">[recurso electr&#xF3;nico en l&#xED;nea]</subfield>
  </datafield>
  <datafield tag="506" ind1="0" ind2=" ">
    <subfield code="a">Acceso abierto</subfield>
  </datafield>
  <datafield tag="520" ind1="3" ind2=" ">
    <subfield code="a">El rechazo a las evidencias suele interpretarse como un error cognitivo, lo que se asocia a rasgos irracionales de los actores. Este trabajo muestra las incongruencias de este modelo explicativo, siguiendo las contradicciones del comportamiento humano. En su lugar se propone interpretar la formaci&#xF3;n de preferencias desde la interacci&#xF3;n social. Lo que es un error en el primer modelo (el razonamiento motivado) es un sesgo muy presente en la racionalidad humana que se explica mejor desde la interacci&#xF3;n social. Antes que un error cognitivo, los actores justifican sus preferencias de acuerdo con su pertenencia a una espec&#xED;fica red social. Mediante esta, hay historias que buscan conformidad y consistencia en las interacciones sociales. Como error cognitivo, despolitizamos la formaci&#xF3;n de preferencias y erradicamos con ello la agencia de los individuos. </subfield>
    <subfield code="c">REIS</subfield>
  </datafield>
  <datafield tag="650" ind1=" " ind2=" ">
    <subfield code="a">Interacci&#xF3;n social</subfield>
    <subfield code="9">8936</subfield>
  </datafield>
  <datafield tag="653" ind1=" " ind2=" ">
    <subfield code="a">Comportamiento</subfield>
  </datafield>
  <datafield tag="653" ind1=" " ind2=" ">
    <subfield code="a">Negacionismo</subfield>
  </datafield>
  <datafield tag="653" ind1=" " ind2=" ">
    <subfield code="a">Razonamiento motivado</subfield>
  </datafield>
  <datafield tag="773" ind1=" " ind2=" ">
    <subfield code="g">No. 193 (2025), p. 53-70</subfield>
    <subfield code="t">REIS: revista espa&#xF1;ola de investigaciones sociol&#xF3;gicas</subfield>
    <subfield code="x">1988-5903</subfield>
  </datafield>
  <datafield tag="856" ind1="4" ind2=" ">
    <subfield code="u">https://reis.cis.es/index.php/reis/article/view/2476</subfield>
  </datafield>
  <datafield tag="856" ind1="4" ind2=" ">
    <subfield code="u">https://reis.cis.es/index.php/reis/article/view/2476/3065</subfield>
  </datafield>
  <datafield tag="902" ind1=" " ind2=" ">
    <subfield code="a">Leonor Sotres/020726</subfield>
  </datafield>
  <datafield tag="942" ind1=" " ind2=" ">
    <subfield code="c">ART-E</subfield>
  </datafield>
  <datafield tag="952" ind1=" " ind2=" ">
    <subfield code="0">0</subfield>
    <subfield code="1">0</subfield>
    <subfield code="4">0</subfield>
    <subfield code="7">0</subfield>
    <subfield code="8">CAA</subfield>
    <subfield code="a">BCUPN50</subfield>
    <subfield code="b">BCUPN50</subfield>
    <subfield code="c">ENL</subfield>
    <subfield code="d">2026-07-02</subfield>
    <subfield code="l">0</subfield>
    <subfield code="r">2026-07-02 13:44:13</subfield>
    <subfield code="u">https://reis.cis.es/index.php/reis/article/view/2476</subfield>
    <subfield code="w">2026-07-02</subfield>
    <subfield code="y">ART-E</subfield>
  </datafield>
  <datafield tag="999" ind1=" " ind2=" ">
    <subfield code="c">215492</subfield>
    <subfield code="d">215492</subfield>
  </datafield>
</record>
